000 00717nas a2200253 i 4500
003 DO-SdBNP
005 20250813133354.0
007 ta
008 250813e200? dr xxp|r||| |||| |0spa dng d
040 _aDO-SdINT
_bspa
_cBNPHU
_erda
041 _asp
082 _a345.729305
_bR426c
_222
110 _aRepública Dominicana.
_939238
245 _aCodigo de procedimiento criminal
264 1 _aSanto Domingo :
_b[Editora desconocida] :
_c[fecha desconocida]
300 _a397 páginas ;
_c23 cm.
336 _atexto
_btxt
_2rdacontent
337 _asin mediación
_bn
_2rdamedia
338 _avolumen
_bnc
_2rdacarrier
590 _aInventariado, 2025/DG
610 _939238
910 _aDG
942 _2ddc
_cLBS1
999 _c59789
_d59789